| 000 | 00628nam a2200229 a 4500 | ||
|---|---|---|---|
| 001 | BRCA_6204 | ||
| 005 | 20190320205353.0 | ||
| 008 | 120711s1870----gw-c######---#000-0#ger-# | ||
| 041 | _ager | ||
| 044 | _agw | ||
| 050 | 4 |
_aDD192 D3 _b.S67 1870 |
|
| 245 | 1 | 0 |
_aFriedrich Christoph Dahlmann _cAnton Springer |
| 260 |
_aLeipzig _bS. Hirzel _c1870 |
||
| 300 |
_a2 v. _bil., retratos _c23 cm. |
||
| 500 | _aInicio de la publicación: 1870. | ||
| 500 | _aI64 | ||
| 650 | 1 | 4 |
_aDahlman, Friedrich Christoph _y1870 _915605 |
| 651 | 4 |
_aAlemania _xHistoria _95819 |
|
| 700 | 1 |
_aSpringer, Anton _915606 |
|
| 902 | _aGFM | ||
| 942 |
_2lcc _cB |
||
| 999 |
_c5891 _d5891 |
||